[Event "FRA-ch op-D"]
[Site "Pau"]
[Date "2008.08.14"]
[Round "3"]
[White "Souchaud, Raymond"]
[Black "Cureau, Christian"]
[Result "1-0"]
[WhiteElo "1480"]
[BlackElo "1420"]
[PlyCount "41"]
[EventDate "2008.08.11"]
[EventType "swiss"]
[EventRounds "9"]
[EventCountry "FRA"]
[SourceTitle "CBM 126 Extra"]
[Source "ChessBase"]
[SourceDate "2008.11.05"]
[SourceVersion "1"]
[SourceVersionDate "2008.11.05"]
[SourceQuality "1"]

1. Nf3 Nf6 2. d4 e6 3. c4 c5 4. e3 cxd4 5. exd4 d5 6. c5 Bd7 7. Bd3 Nc6 8. a3 b6 9. b4 bxc5 10. dxc5 e5 11. Bb5 a6 12. Bxc6 Bxc6 13. Nxe5 Qe7 14. f4 Bb5 15. Nc3 Bc6 16. 0-0 Qe6 17. Re1 Be7 18. Ng6 Ne4 19. Nxe7 Qxe7 20. Nxd5 Bxd5 21. Qxd5 1-0